Gaming Quiz

Random Gaming or Nintendo Quiz
Score 0/83 Timer 20:00
0 Plays Today
First Smash Appearance Character % Correct
Super Smash Bros.Mario
99.2%
Super Smash Bros.Luigi
98.4%
Super Smash Bros. BrawlZero Suit Samus
96.8%
Super Smash Bros.Donkey Kong
96%
Super Smash Bros.Link
96%
Super Smash Bros.Samus
96%
Super Smash Bros. MeleeZelda
96%
Super Smash Bros. MeleeSheik
96%
Super Smash Bros. UltimateDark Samus
96%
Super Smash Bros.Kirby
95.2%
Super Smash Bros.Fox
95.2%
Super Smash Bros.Pikachu
95.2%
Super Smash Bros.Ness
95.2%
Super Smash Bros. MeleeBowser
95.2%
Super Smash Bros.Jigglypuff
93.6%
Super Smash Bros. MeleePeach
93.6%
Super Smash Bros.Yoshi
92.8%
Super Smash Bros.Captain Falcon
92.8%
Super Smash Bros. MeleeFalco
92.8%
Super Smash Bros. MeleeMarth
92.8%
Super Smash Bros. BrawlPokemon Trainer
92.8%
Super Smash Bros. MeleeYoung Link
92%
Super Smash Bros. BrawlToon Link
92%
Super Smash Bros. MeleeGanondorf
91.2%
Super Smash Bros. MeleePichu
91.2%
Super Smash Bros. MeleeRoy
91.2%
Super Smash Bros. UltimateDaisy
91.2%
Super Smash Bros. BrawlWario
90.4%
First Smash Appearance Character % Correct
Super Smash Bros. BrawlR.O.B.
90.4%
Super Smash Bros. 4Lucina
90.4%
Super Smash Bros. UltimateSephiroth
90%
Super Smash Bros. MeleeMewtwo
89.6%
Super Smash Bros. BrawlKing Dedede
89.6%
Super Smash Bros. BrawlLucas
89.6%
Super Smash Bros. UltimateRidley
89.6%
Super Smash Bros. BrawlMeta Knight
88.8%
Super Smash Bros. 4Bayonetta
88.8%
Super Smash Bros. UltimateIncineroar
88.8%
Super Smash Bros. UltimateJoker
88.8%
Super Smash Bros. UltimateBanjo & Kazooie
88.8%
Super Smash Bros. UltimateByleth
88.8%
Super Smash Bros. MeleeMr. Game & Watch
88%
Super Smash Bros. BrawlWolf
88%
Super Smash Bros. BrawlLucario
88%
Super Smash Bros. 4Dark Pit
88%
Super Smash Bros. 4Cloud
88%
Super Smash Bros. BrawlDiddy Kong
87.2%
Super Smash Bros. BrawlPit
87.2%
Super Smash Bros. UltimateChrom
87.2%
Super Smash Bros. MeleeDr. Mario
86.4%
Super Smash Bros. BrawlIke
86.4%
Super Smash Bros. 4Greninja
86.4%
Super Smash Bros. 4Robin
86.4%
Super Smash Bros. 4Corrin
86.4%
Super Smash Bros. UltimateHero
86.4%
Super Smash Bros. UltimateTerry
86.4%
First Smash Appearance Character % Correct
Super Smash Bros. MeleeIce Climbers
85.6%
Super Smash Bros. UltimateKing K. Rool
85.6%
Super Smash Bros. UltimatePiranha Plant
85.6%
Super Smash Bros. UltimateSteve
85.3%
Super Smash Bros. BrawlSonic
84.8%
Super Smash Bros. 4Rosalina & Luma
84.8%
Super Smash Bros. 4Palutena
84.8%
Super Smash Bros. 4Ryu
84.8%
Super Smash Bros. 4Bowser Jr.
84%
Super Smash Bros. 4Villager
84%
Super Smash Bros. UltimateKen
84%
Super Smash Bros. UltimateMin Min
82.9%
Super Smash Bros. UltimateIsabelle
82.4%
Super Smash Bros. UltimateInkling
82.4%
Super Smash Bros. 4Megaman
81.6%
Super Smash Bros. UltimateSimon
81.6%
Super Smash Bros. BrawlSnake
80.8%
Super Smash Bros. UltimateRichter
80.8%
Super Smash Bros. 4Wii Fit Trainer
80%
Super Smash Bros. 4Little Mac
80%
Super Smash Bros. 4Pac-Man
80%
Super Smash Bros. BrawlOlimar
79.2%
Super Smash Bros. 4Shulk
79.2%
Super Smash Bros. 4Mii Brawler
77.6%
Super Smash Bros. 4Mii Swordfighter
77.6%
Super Smash Bros. 4Mii Gunner
77.6%
Super Smash Bros. 4Duck Hunt Duo
69.6%
Remove Ads.
Support Sporcle.
Get the best of Sporcle when you Go Orange. This ad-free experience offers more features, more stats, and more fun while also helping to support Sporcle. Thank you for becoming a member.

You're not logged in!

Compare scores with friends on all Sporcle quizzes.
OR
Log In

Show Comments

Extras

Top Quizzes Today


Score Distribution

Your Account Isn't Verified!

In order to create a playlist on Sporcle, you need to verify the email address you used during registration. Go to your Sporcle Settings to finish the process.

Report this User

Report this user for behavior that violates our Community Guidelines.

Details: